000 00721cam a2200217u 4500
001 7461855
003 ARRUPE
005 20220520090510.0
008 810223s1956 nyua d 000 0 eng
010 _a 56000939
040 _aDLC
_cCarP
_dDLC
050 0 0 _aPE1628
_b.A55 1956
051 _aPE1628
_b.A55 1956a
_cAnother issue. Revised March 1956.
245 0 4 _aThe American college dictionary.
260 _aNew York,
_bRandom House
_c[c1956]
300 _axl, 1432 p.
_billus.
_c26 cm.
650 0 _aEnglish language
_zUnited States
_vDictionaries.
_934823
700 1 _aBarnhart, Clarence Lewis,
_d1900- [from old catalog]
_eed.
_951732
906 _a0
_bcbc
_cpremunv
_du
_encip
_f19
_gy-gencatlg
942 _2lcc
_cMONOGRAPH
999 _c40659
_d40659